Výmena skúseností učiteľov a študentov špecializácie Manažment výroby a logistiky [zborník] : vedecký seminár KMVaL spojený s workshopom - 2013 : Bratislava 7. 5. 2013
Salvato in:
| Enti autori: | , |
|---|---|
| Altri autori: | , , |
| Natura: | Libro |
| Lingua: | slovacco |
| Pubblicazione: |
Bratislava
Vydavateľstvo EKONÓM
2013
|
| Soggetti: | |
| Tags: |
Nessun Tag, puoi essere il primo ad aggiungerne!!
|
MARC
| LEADER | 00000nlm a2200000 4500 | ||
|---|---|---|---|
| 001 | 0178559 | ||
| 005 | 20240618075721.7 | ||
| 020 | |a 978-80-225-3724-7 | ||
| 041 | 0 | |a slo | |
| 044 | |a SK | ||
| 245 | 1 | 0 | |a Výmena skúseností učiteľov a študentov špecializácie Manažment výroby a logistiky |b [zborník] : vedecký seminár KMVaL spojený s workshopom - 2013 : Bratislava 7. 5. 2013 |c zostavoval Martina Džubáková ; recenzenti Andrej Dupaľ, Pavol Molnár |
| 264 | 1 | |a Bratislava |b Vydavateľstvo EKONÓM |c 2013 | |
| 300 | |a CD-ROM [100 s., 5 AH] | ||
| 610 | 2 | 0 | |a logistika |
| 610 | 2 | 0 | |a kvalita vzdelávania |
| 610 | 2 | 0 | |a inovácia |
| 610 | 2 | 0 | |a riadenie výroby |
| 610 | 2 | 0 | |a riadenie kvality |
| 610 | 2 | 0 | |a kódy čiarové |
| 700 | 1 | |a Džubáková, Martina | |
| 700 | 1 | |a Dupaľ, Andrej | |
| 700 | 1 | |a Molnár, Pavol | |
| 110 | 2 | |a Výmena skúseností učiteľov a študentov špecializácie Manažment výroby a logistiky. Vedecký seminár spojený s workshopom | |
| 710 | 2 | |a Fakulta podnikového manažmentu EU. Katedra manažmentu výroby a logistiky - zrušená | |